Amsterdam Tram Quiz Stats

 Plays Quiz not verified by Sporcle

Challenge
Share
Tweet
Embed
Score 0/278 Timer 20:00
0 Plays Today
Hint Stop % Correct
1 Centraal Station - Osdorp De AkerCentraal Station
91.8%
2 Centraal Station - Nieuw SlotenCentraal Station
91.8%
4 Centraal Station - Station RAICentraal Station
91.8%
5 Centraal Station - AmstelveenCentraal Station
91.8%
9 Centraal Station - Diemen SniepCentraal Station
91.8%
13 Centraal Station - GeuzenveldCentraal Station
91.8%
16 Centraal Station - VU medisch centrumCentraal Station
91.8%
26 Centraal Station - IJburgCentraal Station
91.8%
17 Centraal Station - Osdorp DijkgraafpleinCentraal Station
91.8%
1 Centraal Station - Osdorp De AkerDam
82%
2 Centraal Station - Nieuw SlotenDam
82%
4 Centraal Station - Station RAIDam
82%
5 Centraal Station - AmstelveenDam
82%
9 Centraal Station - Diemen SniepDam
82%
13 Centraal Station - GeuzenveldDam
82%
16 Centraal Station - VU medisch centrumDam
82%
17 Centraal Station - Osdorp DijkgraafpleinDam
82%
1 Centraal Station - Osdorp De AkerSpui
73.8%
2 Centraal Station - Nieuw SlotenSpui
73.8%
3 Muiderpoortstation - ZoutkeetsgrachtMuseumplein
73.8%
4 Centraal Station - Station RAISpui
73.8%
5 Centraal Station - AmstelveenSpui
73.8%
5 Centraal Station - AmstelveenMuseumplein
73.8%
9 Centraal Station - Diemen SniepSpui
73.8%
12 Amstelstation - Station SloterdijkMuseumplein
73.8%
16 Centraal Station - VU medisch centrumSpui
73.8%
16 Centraal Station - VU medisch centrumMuseumplein
73.8%
1 Centraal Station - Osdorp De AkerLeidseplein
70.5%
2 Centraal Station - Nieuw SlotenLeidseplein
70.5%
5 Centraal Station - AmstelveenLeidseplein
70.5%
7 Slotermeer - FlevoparkLeidseplein
70.5%
10 Westergasfabriek - AzartpleinLeidseplein
70.5%
3 Muiderpoortstation - ZoutkeetsgrachtMuiderpoortstation
67.2%
7 Slotermeer - FlevoparkMuiderpoortstation
67.2%
12 Amstelstation - Station SloterdijkAmstelstation
67.2%
5 Centraal Station - AmstelveenStation Zuid
65.6%
1 Centraal Station - Osdorp De AkerPrinsengracht
62.3%
2 Centraal Station - Nieuw SlotenPrinsengracht
62.3%
4 Centraal Station - Station RAIPrinsengracht
62.3%
5 Centraal Station - AmstelveenPrinsengracht
62.3%
5 Centraal Station - AmstelveenDe Boelelaan
62.3%
10 Westergasfabriek - AzartpleinAzartplein
62.3%
16 Centraal Station - VU medisch centrumDe Boelelaan
62.3%
1 Centraal Station - Osdorp De AkerKeizersgracht
60.7%
2 Centraal Station - Nieuw SlotenKeizersgracht
60.7%
4 Centraal Station - Station RAIRembrandtplein
60.7%
4 Centraal Station - Station RAIKeizersgracht
60.7%
4 Centraal Station - Station RAIStation RAI
60.7%
5 Centraal Station - AmstelveenKeizersgracht
60.7%
9 Centraal Station - Diemen SniepRembrandtplein
60.7%
12 Amstelstation - Station SloterdijkStation Sloterdijk
60.7%
16 Centraal Station - VU medisch centrumKeizersgracht
60.7%
7 Slotermeer - FlevoparkFlevopark
59%
3 Muiderpoortstation - ZoutkeetsgrachtOvertoom
55.7%
9 Centraal Station - Diemen SniepWaterlooplein
55.7%
10 Westergasfabriek - AzartpleinWestergasfabriek
55.7%
12 Amstelstation - Station SloterdijkOvertoom
55.7%
16 Centraal Station - VU medisch centrumVU Medisch Centrum
55.7%
1 Centraal Station - Osdorp De AkerNieuwezijds Kolk
52.5%
2 Centraal Station - Nieuw SlotenNieuwezijds Kolk
52.5%
5 Centraal Station - AmstelveenNieuwezijds Kolk
52.5%
7 Slotermeer - FlevoparkWeesperplein
52.5%
9 Centraal Station - Diemen SniepDiemen Sniep
52.5%
10 Westergasfabriek - AzartpleinWeesperplein
52.5%
13 Centraal Station - GeuzenveldNieuwezijds Kolk
52.5%
17 Centraal Station - Osdorp DijkgraafpleinNieuwezijds Kolk
52.5%
3 Muiderpoortstation - ZoutkeetsgrachtKorte Zoutkeetsgracht
50.8%
10 Westergasfabriek - AzartpleinMarnixstraat
49.2%
7 Slotermeer - FlevoparkWeteringcircuit
47.5%
10 Westergasfabriek - AzartpleinWeteringcircuit
47.5%
16 Centraal Station - VU medisch centrumWeteringcircuit
47.5%
1 Centraal Station - Osdorp De AkerKoningsplein
45.9%
2 Centraal Station - Nieuw SlotenKoningsplein
45.9%
5 Centraal Station - AmstelveenKoningsplein
45.9%
9 Centraal Station - Diemen SniepArtis
44.3%
26 Centraal Station - IJburgIJburg
44.3%
1 Centraal Station - Osdorp De AkerStation Lelylaan
42.6%
2 Centraal Station - Nieuw SlotenVan Baerlestraat
42.6%
3 Muiderpoortstation - ZoutkeetsgrachtWibautstraat
42.6%
3 Muiderpoortstation - ZoutkeetsgrachtFerdinand Bolstraat
42.6%
3 Muiderpoortstation - ZoutkeetsgrachtRoelof Hartplein
42.6%
3 Muiderpoortstation - ZoutkeetsgrachtVan Baerlestraat
42.6%
5 Centraal Station - AmstelveenVan Baerlestraat
42.6%
5 Centraal Station - AmstelveenRoelof Hartplein
42.6%
12 Amstelstation - Station SloterdijkFerdinand Bolstraat
42.6%
12 Amstelstation - Station SloterdijkRoelof Hartplein
42.6%
12 Amstelstation - Station SloterdijkVan Baerlestraat
42.6%
17 Centraal Station - Osdorp DijkgraafpleinStation Lelylaan
42.6%
3 Muiderpoortstation - ZoutkeetsgrachtLinnaeusstraat
41%
3 Muiderpoortstation - ZoutkeetsgrachtVan Woustraat
41%
3 Muiderpoortstation - ZoutkeetsgrachtKinkerstraat
41%
4 Centraal Station - Station RAIFrederiksplein
41%
7 Slotermeer - FlevoparkLinnaeusstraat
41%
Hint Stop % Correct
7 Slotermeer - FlevoparkFrederiksplein
41%
10 Westergasfabriek - AzartpleinFrederiksplein
41%
12 Amstelstation - Station SloterdijkKinkerstraat
41%
16 Centraal Station - VU medisch centrumAlbert Cuypstraat
41%
3 Muiderpoortstation - ZoutkeetsgrachtBeukenweg
39.3%
4 Centraal Station - Station RAICeintuurbaan
39.3%
7 Slotermeer - FlevoparkBeukenweg
39.3%
13 Centraal Station - GeuzenveldMarnixstraat
39.3%
17 Centraal Station - Osdorp DijkgraafpleinMarnixstraat
39.3%
3 Muiderpoortstation - ZoutkeetsgrachtDapperstraat
37.7%
4 Centraal Station - Station RAIMaasstraat
37.7%
7 Slotermeer - FlevoparkDapperstraat
37.7%
7 Slotermeer - FlevoparkElandsgracht
37.7%
7 Slotermeer - FlevoparkBilderdijkstraat
37.7%
7 Slotermeer - FlevoparkPostjesweg
37.7%
10 Westergasfabriek - AzartpleinElandsgracht
37.7%
12 Amstelstation - Station SloterdijkMaasstraat
37.7%
12 Amstelstation - Station SloterdijkBilderdijkstraat
37.7%
13 Centraal Station - GeuzenveldBilderdijkstraat
37.7%
17 Centraal Station - Osdorp DijkgraafpleinBilderdijkstraat
37.7%
17 Centraal Station - Osdorp DijkgraafpleinElandsgracht
37.7%
17 Centraal Station - Osdorp DijkgraafpleinPostjesweg
37.7%
2 Centraal Station - Nieuw SlotenRijksmuseum
36.1%
4 Centraal Station - Station RAIStadhouderskade
36.1%
4 Centraal Station - Station RAIWaalstraat
36.1%
5 Centraal Station - AmstelveenRijksmuseum
36.1%
5 Centraal Station - AmstelveenVan Boshuizenstraat
36.1%
7 Slotermeer - FlevoparkSpiegelgracht
36.1%
10 Westergasfabriek - AzartpleinSpiegelgracht
36.1%
12 Amstelstation - Station SloterdijkWaalstraat
36.1%
16 Centraal Station - VU medisch centrumStadhouderskade
36.1%
16 Centraal Station - VU medisch centrumStadionplein
36.1%
2 Centraal Station - Nieuw SlotenAmstelveenseweg
34.4%
7 Slotermeer - FlevoparkKorte 's-Gravesandestraat
34.4%
9 Centraal Station - Diemen SniepMeester Visserplein
34.4%
9 Centraal Station - Diemen SniepAlexanderplein
34.4%
10 Westergasfabriek - AzartpleinAlexanderplein
34.4%
10 Westergasfabriek - AzartpleinKorte 's-Gravesandestraat
34.4%
12 Amstelstation - Station SloterdijkAmsteldijk
34.4%
16 Centraal Station - VU medisch centrumStation Amstelveenseweg
34.4%
3 Muiderpoortstation - ZoutkeetsgrachtTweede Van der Helststraat
32.8%
5 Centraal Station - AmstelveenBinnenhof
32.8%
9 Centraal Station - Diemen SniepEerste van Swindenstraat
32.8%
10 Westergasfabriek - AzartpleinRietlandpark
32.8%
26 Centraal Station - IJburgRietlandpark
32.8%
4 Centraal Station - Station RAIVictorieplein
31.1%
5 Centraal Station - AmstelveenStadionweg
31.1%
5 Centraal Station - AmstelveenAJ Ernststraat
31.1%
5 Centraal Station - AmstelveenUilenstede
31.1%
5 Centraal Station - AmstelveenOnderuit
31.1%
5 Centraal Station - AmstelveenOranjebaan
31.1%
9 Centraal Station - Diemen SniepWijttenbachstraat
31.1%
12 Amstelstation - Station SloterdijkVictorieplein
31.1%
26 Centraal Station - IJburgMuziekgebouw
31.1%
3 Muiderpoortstation - ZoutkeetsgrachtHaarlemmerplein
29.5%
4 Centraal Station - Station RAIEuropaplein
29.5%
5 Centraal Station - AmstelveenPrinses Irenestraat
29.5%
7 Slotermeer - FlevoparkMolukkenstraat
29.5%
7 Slotermeer - FlevoparkJan van Galenstraat
29.5%
9 Centraal Station - Diemen SniepHogeweg
29.5%
9 Centraal Station - Diemen SniepKruislaan
29.5%
12 Amstelstation - Station SloterdijkJan van Galenstraat
29.5%
13 Centraal Station - GeuzenveldWestermarkt
29.5%
13 Centraal Station - GeuzenveldJan van Galenstraat
29.5%
17 Centraal Station - Osdorp DijkgraafpleinWestermarkt
29.5%
3 Muiderpoortstation - ZoutkeetsgrachtCamperstraat
27.9%
3 Muiderpoortstation - ZoutkeetsgrachtHugo de Grootplein
27.9%
3 Muiderpoortstation - ZoutkeetsgrachtMarnixplein
27.9%
5 Centraal Station - AmstelveenGerrit van der Veenstraat
27.9%
7 Slotermeer - FlevoparkInsulindeweg
27.9%
9 Centraal Station - Diemen SniepPretoriusstraat
27.9%
9 Centraal Station - Diemen SniepHugo de Vrieslaan
27.9%
10 Westergasfabriek - AzartpleinHoogte Kadijk
27.9%
10 Westergasfabriek - AzartpleinMarnixplein
27.9%
10 Westergasfabriek - AzartpleinNassaukade
27.9%
12 Amstelstation - Station SloterdijkScheldestraat
27.9%
17 Centraal Station - Osdorp DijkgraafpleinDijkgraafplein
27.9%
3 Muiderpoortstation - ZoutkeetsgrachtDe Clercqstraat
26.2%
5 Centraal Station - AmstelveenZonnestein
26.2%
10 Westergasfabriek - AzartpleinEerste Coehoornstraat
26.2%
12 Amstelstation - Station SloterdijkDe Clercqstraat
26.2%
1 Centraal Station - Osdorp De AkerSurinameplein
24.6%
2 Centraal Station - Nieuw SlotenHoofddorpplein
24.6%
3 Muiderpoortstation - ZoutkeetsgrachtFrederik Hendrikplantsoen
24.6%
5 Centraal Station - AmstelveenKronenburg
24.6%
7 Slotermeer - FlevoparkTen Katestraat
24.6%
10 Westergasfabriek - AzartpleinBloemgracht
24.6%
12 Amstelstation - Station SloterdijkWillem de Zwijgerlaan
24.6%
12 Amstelstation - Station SloterdijkAdmiraal de Ruijterweg
24.6%
13 Centraal Station - GeuzenveldWillem de Zwijgerlaan
24.6%
13 Centraal Station - GeuzenveldAdmiraal de Ruijterweg
24.6%
16 Centraal Station - VU medisch centrumJacob Obrechtstraat
24.6%
17 Centraal Station - Osdorp DijkgraafpleinTen Katestraat
24.6%
Hint Stop % Correct
17 Centraal Station - Osdorp DijkgraafpleinSurinameplein
24.6%
1 Centraal Station - Osdorp De AkerJP Heijestraat
23%
5 Centraal Station - AmstelveenParnassusweg
23%
7 Slotermeer - FlevoparkJP Heijestraat
23%
16 Centraal Station - VU medisch centrumHaarlemmermeerstation
23%
26 Centraal Station - IJburgKattenburgerstraat
23%
17 Centraal Station - Osdorp DijkgraafpleinJP Heijestraat
23%
1 Centraal Station - Osdorp De AkerEerste Constantijn Huygensstraat
21.3%
4 Centraal Station - Station RAIDrentepark
21.3%
7 Slotermeer - FlevoparkSoembawastraat
21.3%
7 Slotermeer - FlevoparkJan Evertsenstraat
21.3%
9 Centraal Station - Diemen SniepBrinkstraat
21.3%
10 Westergasfabriek - AzartpleinC. van Eesterenlaan
21.3%
12 Amstelstation - Station SloterdijkCornelis Troostplein
21.3%
2 Centraal Station - Nieuw SlotenStation Heemstedestraat
19.7%
3 Muiderpoortstation - ZoutkeetsgrachtNieuwe Willemsstraat
19.7%
4 Centraal Station - Station RAILutmastraat
19.7%
4 Centraal Station - Station RAIAmstelkade
19.7%
4 Centraal Station - Station RAIDintelstraat
19.7%
10 Westergasfabriek - AzartpleinEerste Leeghwaterstraat
19.7%
10 Westergasfabriek - AzartpleinDe Wittenkade
19.7%
26 Centraal Station - IJburgZuiderzeeweg
19.7%
26 Centraal Station - IJburgSteigereiland
19.7%
2 Centraal Station - Nieuw SlotenValeriusplein
18%
7 Slotermeer - FlevoparkMarco Polostraat
18%
7 Slotermeer - FlevoparkMercatorplein
18%
10 Westergasfabriek - AzartpleinVan Limburg Stirumstraat
18%
13 Centraal Station - GeuzenveldMarco Polostraat
18%
13 Centraal Station - GeuzenveldMercatorplein
18%
16 Centraal Station - VU medisch centrumEmmastraat
18%
16 Centraal Station - VU medisch centrumValeriusplein
18%
1 Centraal Station - Osdorp De AkerDerkinderenstraat
16.4%
12 Amstelstation - Station SloterdijkBos en Lommerweg
16.4%
17 Centraal Station - Osdorp DijkgraafpleinDerkinderenstraat
16.4%
1 Centraal Station - Osdorp De AkerMeer en Vaart
14.8%
9 Centraal Station - Diemen SniepSchoolstraat
14.8%
16 Centraal Station - VU medisch centrumIJsbaanpad
14.8%
17 Centraal Station - Osdorp DijkgraafpleinMeer en Vaart
14.8%
2 Centraal Station - Nieuw SlotenCornelis Schuytstraat
13.1%
16 Centraal Station - VU medisch centrumRuysdaelstraat
13.1%
1 Centraal Station - Osdorp De AkerRhijnvis Feithstraat
11.5%
2 Centraal Station - Nieuw SlotenWestlandgracht
11.5%
7 Slotermeer - FlevoparkErasmusgracht
11.5%
7 Slotermeer - FlevoparkSloterpark
11.5%
2 Centraal Station - Nieuw SlotenDelflandlaan
9.8%
7 Slotermeer - FlevoparkVan Kinsbergenstraat
9.8%
17 Centraal Station - Osdorp DijkgraafpleinWitte de Withstraat
9.8%
1 Centraal Station - Osdorp De AkerJohan Huizingalaan
8.2%
2 Centraal Station - Nieuw SlotenJohan Huizingalaan
8.2%
7 Slotermeer - FlevoparkBos en Lommerplein
8.2%
7 Slotermeer - FlevoparkStation de Vlugtlaan
8.2%
7 Slotermeer - FlevoparkPlein '40-'45
8.2%
12 Amstelstation - Station SloterdijkKarel Doormanstraat
8.2%
13 Centraal Station - GeuzenveldJan Tooropstraat
8.2%
17 Centraal Station - Osdorp DijkgraafpleinJohan Huizingalaan
8.2%
12 Amstelstation - Station SloterdijkWiltzanghlaan
6.6%
13 Centraal Station - GeuzenveldLambertus Zijlplein
6.6%
17 Centraal Station - Osdorp DijkgraafpleinCorantijnstraat
6.6%
1 Centraal Station - Osdorp De AkerMatterhorn
4.9%
9 Centraal Station - Diemen SniepArent Krijtsstraat
4.9%
12 Amstelstation - Station SloterdijkDe Rijpstraat
4.9%
12 Amstelstation - Station SloterdijkMolenwerf
4.9%
13 Centraal Station - GeuzenveldAdmiraal Helfrichstraat
4.9%
13 Centraal Station - GeuzenveldJan Voermanstraat
4.9%
13 Centraal Station - GeuzenveldSlotermeerlaan
4.9%
2 Centraal Station - Nieuw SlotenLouwesweg
3.3%
2 Centraal Station - Nieuw SlotenLaan van Vlaanderen
3.3%
7 Slotermeer - FlevoparkBurgemeester Fockstraat
3.3%
26 Centraal Station - IJburgBob Haarmslaan
3.3%
17 Centraal Station - Osdorp DijkgraafpleinOsdorpplein
3.3%
1 Centraal Station - Osdorp De AkerHoekenes
1.6%
1 Centraal Station - Osdorp De AkerBaden Powellweg
1.6%
1 Centraal Station - Osdorp De AkerEcuplein
1.6%
2 Centraal Station - Nieuw SlotenOudenaardeplantsoen
1.6%
7 Slotermeer - FlevoparkBurgemeester Eliasstraat
1.6%
7 Slotermeer - FlevoparkLodewijk van Deysselstraat
1.6%
7 Slotermeer - FlevoparkBurgemeester Röellstraat
1.6%
13 Centraal Station - GeuzenveldBurgemeester Van Leeuwenlaan
1.6%
26 Centraal Station - IJburgDiemerparklaan
1.6%
17 Centraal Station - Osdorp DijkgraafpleinHoekenes
1.6%
17 Centraal Station - Osdorp DijkgraafpleinRuimzicht
1.6%
17 Centraal Station - Osdorp DijkgraafpleinBaden Powellweg
1.6%
1 Centraal Station - Osdorp De AkerLouis Davidsstraat
0%
1 Centraal Station - Osdorp De AkerInaristraat
0%
1 Centraal Station - Osdorp De AkerPilatus
0%
2 Centraal Station - Nieuw SlotenKasterleepark
0%
9 Centraal Station - Diemen SniepNicolaas Lublinkstraat
0%
13 Centraal Station - GeuzenveldBurgemeester Rendorpstraat
0%
13 Centraal Station - GeuzenveldDr. H. Colijnstraat
0%
26 Centraal Station - IJburgVennepluimstraat
0%
26 Centraal Station - IJburgLumièrestraat
0%
17 Centraal Station - Osdorp DijkgraafpleinIngelandenweg
0%

You're not logged in!

Compare scores with friends on all Sporcle quizzes.
Join for Free
OR
Log In

You Might Also Like...

Show Comments

Extras

Top Quizzes Today


Score Distribution

Your Account Isn't Verified!

In order to create a playlist on Sporcle, you need to verify the email address you used during registration. Go to your Sporcle Settings to finish the process.

Report this User

Report this user for behavior that violates our Community Guidelines.

Details: